Govt. of
Madhya Pradesh

The Pallava Coins (Record no. 16463)

MARC details
000 -LEADER
fixed length control field 004750000a22001930004500
001 - CONTROL NUMBER
control field 004574
003 - CONTROL NUMBER IDENTIFIER
control field MACL
005 - DATE AND TIME OF LATEST TRANSACTION
control field 20150714125817.0
008 - FIXED-LENGTH DATA ELEMENTS--GENERAL INFORMATION
fixed length control field 150714b xxu||||| |||| 00| 0 eng d
040 ## - CATALOGING SOURCE
Original cataloging agency MACL
Transcribing agency MACL
041 ## - LANGUAGE CODE
Language code of text/sound track or separate title English
082 ## - DEWEY DECIMAL CLASSIFICATION NUMBER
Classification number 32240.4/KRI
100 ## - MAIN ENTRY--PERSONAL NAME
Personal name Krishnamurti, R.
9 (RLIN) 1999
245 ## - TITLE STATEMENT
Title The Pallava Coins
Statement of responsibility, etc. R. Krishnamurti
260 ## - PUBLICATION, DISTRIBUTION, ETC. (IMPRINT)
Place of publication, distribution, etc. Tamil Nadu,
Date of publication, distribution, etc. 2004
Name of publisher, distributor, etc. Garnet Publishers,
350 ## - PRICE (NR) (BK AM CF MU VM SE) [OBSOLETE]
Price 800
650 ## - SUBJECT ADDED ENTRY--TOPICAL TERM
Topical term or geographic name as entry element Economics
9 (RLIN) 74
942 ## - ADDED ENTRY ELEMENTS (KOHA)
Call number prefix 332
Koha item type Books
Source of classification or shelving scheme
Holdings
Withdrawn status Lost status Source of classification or shelving scheme Damaged status Not for loan Home library Current library Date acquired Cost, normal purchase price Total Checkouts Full call number Barcode Date last seen Uniform Resource Identifier Price effective from Koha item type
          MACL MACL 15/04/2015 800.00   332.404/KRI CRE017016 02/05/2024 16369 15/04/2015 Books